00446nam a2200157Ia 4500003000400000008004100004040001600045082001500061100002400076245008700100260004200187300001200229650001300241650001800254650001600272GCL140319s9999 xx 000 0 eng d aGCL / cGCL04a616.89bKS1 aKASLOW, FLORENCE W.10aSupervision And Training: Models, Dilemmas, And Challenges / cKASLOW, FLORENCE W. a[S.N] : bTHE HAWORTH PRESS ، c1986 a259 PP.04aTEACHING04aPSYCHOTHERAPY04aSUPERVISION